000 01177nam a22002657a 4500
003 OSt
005 20250410082941.0
008 240911b ||||| |||| 00| 0 eng d
040 _c0
082 _aDPer 621.317 Ie21 December 2022 v.37 n. 12 part 1&2.
100 _aGao, Feng.
_eauthor.
_960790
245 _aA lag compensation-enhanced adaptive quasi-fading kalman filter for sensorless control of synchronous reluctance motor /
_cFeng Gao, Zhonggang Yin, Cong Bai, Dongsheng Yuan and Jing Liu.
_h
260 _aNew York ;
_bThe Institute of Electrical and Electronics Engineers, Inc.,
_cDecember 2022.
300 _avolume 37, pages 15322-15338,
_billustration.
500 _aIEEE Transactions on Power Electronics, v. 37 n. 12, pages 15322-15338, December 2022.
650 0 _aAdaptive fading Kalman filter (AFKF).
_966255
650 0 _asensorless control.
_966256
650 0 _asynchronous reluctance motor (SynRM).
_966257
700 _aGao, Feng.
_eauthor.
_960790
700 _aYin, Zhonggang.
_eauthor.
_960791
700 _aBai, Cong.
_eauthor.
_960792
700 _aYuan, Dongsheng.
_eauthor.
_960793
700 _aLiu, Jing.
_eauthor.
_960794
942 _2ddc
_cPER
999 _c21526
_d21526